00807nam a2200181Ia 4500003000900000008004100009020001800050040001600068080002300084111008400107245022300191260007300414300002300487650004100510650001900551650002700570700002800597IN-BaIIA211028s9999 xx 000 0 eng d a0-89252-272-0 cIIA Library a535.41(082.1)bAPP aSociety of Photo-Optical instrumentation EngineerscSan Diegod1980 July 29-30, 0aApplication of speckle phonomenabproceedings of the society of photo-opt.ical instrumentation engineers, held in San Diego, California, July 29-30, 1980cedited by William H Carter  aWashingtonbSociety of Photo-Optical Instrumentation Engineersc1980 a[various pagings.] aAstronomy and Astrophysics thesaurus aInterferometry aSpeckle interferometry aCarter, William H., ed.